000 00948pam a2200289 i 4500
001 016039001
003 EG-ScBUE
005 20251126102304.0
008 120223s2012 enk 000 0 eng d
020 _a9780745639215 (pbk.)
020 _a0745639216 (pbk.)
040 _aStDuBDS
_beng
_erda
_cStDuBDS
_dUk
_dEG-ScBUE
082 0 4 _a302.23
_222
_bCOU
100 1 _aCouldry, Nick,
_eauthor.
245 1 0 _aMedia, society, world :
_bsocial theory and digital media practice /
_cNick Couldry.
264 1 _aCambridge :
_bPolity Press,
_c2012.
300 _axii, 311 pages ;
_c23 cm.
336 _atext
_2rdacontent
_btxt
337 _aunmediated
_2rdamedia
_bn
338 _avolume
_2rdacarrier
_bnc
504 _aIncludes bibliographical references and index.
650 7 _aMass media
_xSocial aspects.
_2BUEsh
650 7 _aCommunication
_xSocial aspects.
_2BUEsh
650 7 _aSocial theory.
_2BUEsh
655 _vReading book
942 _2ddc
_cBB
999 _c31018
_d30989